000 00613nam a2200241Ia 4500
003 OSt
005 20221007102243.0
006 a|||||r|||| 00| 0
007 ta
008 221006b |||||||| |||| 00| 0 eng d
024 _a9,832
037 _cTextual
040 _aLCO
_cLCO
_beng
041 _2eng
_aeng
082 _az2,2674, P5
100 _aAhuja V.K. Au.
_9591788
245 0 _aLaw of Copy right etc.
250 _a1st
260 _aFaridabad
_bAllahabad Law Agency India
_c2005
300 _a367
942 _hz2,2674, P5
_cTEXL
999 _c1179395
_d1179395